La llamada de Dios y la respuesta de los hombres (Record no. 176468)
[ view plain ]
| 000 -LEADER | |
|---|---|
| campo de control de longitud fija | 00848nam a22002415i 4500 |
| 001 - NÚMERO DE CONTROL | |
| campo de control | 176468 |
| 003 - IDENTIFICADOR DE NÚMERO DE CONTROL | |
| campo de control | ES-MaACL |
| 005 - FECHA Y HORA DE LA ÚLTIMA TRANSACCIÓN | |
| campo de control | 20250829131839.0 |
| 008 - DATOS DE LONGITUD FIJA--INFORMACIÓN GENERAL | |
| campo de control de longitud fija | 110118s1969 sp |||| | spa d |
| 080 ## - NÚMERO DE LA CLASIFICACIÓN DECIMAL UNIVERSAL | |
| Número de la Clasificación Decimal Universal | 2:37 |
| 080 ## - NÚMERO DE LA CLASIFICACIÓN DECIMAL UNIVERSAL | |
| Número de la Clasificación Decimal Universal | 27-14 |
| 100 1# - ENTRADA PRINCIPAL--NOMBRE DE PERSONA | |
| Nombre de persona | Burckle, J. |
| 9 (RLIN) | 144788 |
| 245 13 - MENCIÓN DEL TÍTULO | |
| Título | La llamada de Dios y la respuesta de los hombres |
| Resto del título | : plan y materiales para un catecismo bíblico / |
| Mención de responsabilidad, etc. | por J. Burckle. |
| 260 ## - PUBLICACIÓN, DISTRIBUCIÓN, ETC. | |
| Lugar de publicación, distribución, etc. | Madrid : |
| Nombre del editor, distribuidor, etc. | Apostolado de la prensa, |
| Fecha de publicación, distribución, etc. | imp. 1969. |
| 300 ## - DESCRIPCIÓN FÍSICA | |
| Extensión | 40 p. ; |
| Dimensiones | 23 cm. |
| 490 1# - MENCIÓN DE SERIE | |
| Mención de serie | Cuadernos de pedagogía religiosa. Niños nº 3 ; |
| Designación de volumen o secuencia | 2 |
| 650 #4 - PUNTO DE ACCESO ADICIONAL DE MATERIA--TÉRMINO DE MATERIA | |
| Término de materia o nombre geográfico como elemento de entrada | Religión- |
| Subdivisión general | Enseñanza. |
| 9 (RLIN) | 144779 |
| 650 04 - PUNTO DE ACCESO ADICIONAL DE MATERIA--TÉRMINO DE MATERIA | |
| Término de materia o nombre geográfico como elemento de entrada | Dios- |
| Subdivisión general | Concepto bíblico. |
| 9 (RLIN) | 11902 |
| 710 0# - ENTRADA AGREGADA--NOMBRE DE ENTIDAD CORPORATIVA | |
| Nombre de entidad corporativa o nombre de jurisdicción como elemento de entrada | Apostolado de la Prensa. |
| 9 (RLIN) | 1403 |
| 830 00 - PUNTO DE ACCESO ADICIONAL DE SERIE-TÍTULO UNIFORME | |
| Título uniforme | Cuadernos de pedagogía religiosa |
| Designación de volumen o secuencia | 2 |
| 9 (RLIN) | 190056 |
| 852 ## - LOCALIZACIÓN | |
| Ubicación | ES-MaACL |
| Número de control de estantería | E-14075 (2) |
| Encuadernación | Olim P-1658 |
| Estatus retirado | Estado de pérdida | Estado de daño | No para préstamo | Biblioteca de origen | Biblioteca actual | Ubicación en estantería | Fecha de adquisición | Fuente de adquisición | Total de préstamos | Signatura topográfica completa | Código de barras | Visto por última vez | Precio de reemplazo | Tipo de ítem Koha |
|---|---|---|---|---|---|---|---|---|---|---|---|---|---|---|
| Biblioteca del Ateneo de Madrid | Biblioteca del Ateneo de Madrid | Depósito 2 | 18/01/2011 | E-14075 (2) | 1185329 | 23/02/2023 | 23/02/2023 | Libro impreso |
